The pursuit of pleasure : gender, space, and architecture in Regency London
Αποθηκεύτηκε σε:
| Κύριος συγγραφέας: | |
|---|---|
| Μορφή: | Βιβλίο |
| Γλώσσα: | English |
| Δημοσίευση: |
London :
Athlone Press,
2002
|
| Θέματα: | |
| Ετικέτες: |
Προσθήκη ετικέτας
Δεν υπάρχουν, Καταχωρήστε ετικέτα πρώτοι!
|
MARC
| LEADER | 00000nam a2200000 i 4500 | ||
|---|---|---|---|
| 001 | 1/70473 | ||
| 008 | 080115s2002 eng d | ||
| 020 | |a 0-485-00638-3 | ||
| 035 | |l 10093688 | ||
| 040 | |a GR-MY-UA |b gre |e aacr | ||
| 041 | 0 | |a eng | |
| 082 | 0 | |a 305.40942 |2 (22) | |
| 100 | 1 | |a Rendell, Jane |d 1967- | |
| 245 | 1 | 4 | |a The pursuit of pleasure : |b gender, space, and architecture in Regency London / |c Jane Rendell |
| 260 | |a London : |b Athlone Press, |c 2002 | ||
| 300 | |a xiii, 248 σ.; |b εικ.; |c 24 εκ. | ||
| 504 | |a Βιβλιογραφία: σ. 198-243 | ||
| 504 | |a Ευρετήριο: σ. 245-248 | ||
| 650 | 0 | 0 | |a Architecture and women |z England |x History |y 19th century. |
| 650 | 0 | 0 | |a Feminism and architecture. |
| 650 | 0 | 0 | |a Space (Architecture) |z England |z London. |
| 650 | 0 | 0 | |a Architecture |z England |z London |y 19th century. |
| 650 | 0 | 0 | |a Women |z England |x Social conditions. |
| 852 | |a INST |b LESVOS |e 20080115 |h 305.40942 REN |p 005100040869 |q 005100040869 |t BK |y 0 | ||
| 901 | |a BIBL1-2008-1 | ||
| 909 | |a Λ |b 142704 | ||
| 922 | |a 1ΕΛΗ |b 200712 |c ΕΠΕΑΕΚ2/ΤΚΑ |d ΕΛΕΥΘΕΡΟΥΔΑΚΗΣ | ||
| 970 | |a ΧΑΤΖΗΜΙΧΑΗΛ |b ΜΑΡΙΑ |z 2008/01/15 | ||